Word Ladder: Sporting House Buddy Quiz Stats

 Plays Quiz Updated Nov 5, 2018

Challenge
Share
Tweet
Embed
Score 0/17 Timer 02:00
0 Plays Today
Clue 4-Letter Word % Correct
What Italy is shaped likeBOOT
98.2%
Pants holder-upperBELT
98.1%
What the chicken crossedROAD
98%
• Where Cinderella lost her slipper ••BALL•
97.9%
Relative of a frogTOAD
97.6%
Tree's 'source' of waterROOT
97.4%
A bundle of hayBALE
97.1%
Liberty or Taco followerBELL
96.7%
• There's an elephant in the ____•ROOM•
96.3%
Clue 4-Letter Word % Correct
Wander around ROAM
95.9%
Partner of a nutBOLT
95.7%
Mammal that lives undergroundMOLE
95.6%
Spoke to someoneTOLD
95.4%
Fungi that grows in wet conditionsMOLD
95.1%
Tom, colt, or bull, e.g.MALE
90.6%
• Friend to an Aussie ••MATE•
89.5%
• Opposite of acid ••BASE•
83.3%

Today's Daily Dose

Quick Pick
The Muppets

On This Day
December 19th II

You're not logged in!

Compare scores with friends on all Sporcle quizzes.
OR
Log In

You Might Also Like...

Show Comments

Extras

Top Quizzes Today


Score Distribution

Your Account Isn't Verified!

In order to create a playlist on Sporcle, you need to verify the email address you used during registration. Go to your Sporcle Settings to finish the process.

Report this User

Report this user for behavior that violates our Community Guidelines.

Details: